000 00945nam a22003017i 4500
999 _c170404
_d170404
003 PPAK
005 20190630214055.0
008 181202s2017 my a|||g |||| 001 0 eng d
020 _a9780822370208
_cRM130.00
_qpaperback
040 _aPPAK
_beng
_cPPAK
_erda
082 0 4 _223
_a616.85882
090 0 0 _a616.85882
_bYER
_dR
100 1 _aYergeau, Melanie,
_d1984-
_eauthor.
245 1 0 _aAUTHORING autism :
_bon rhetoric and neurological queerness /
_cMelanie Yergeau
264 1 _aDurham :
_bDuke University Press,
_c2018
300 _ax, 302 pages :
_billustrations ;
_c23 cm
336 _2rdacontent
_atext
337 _2rdamedia
_aunmediated
338 _2rdacarrier
_avolume
490 1 _aThought in the act
500 _aIncludes references and index
504 _aBibliography pages : 261-287
650 1 0 _aAutism
650 2 0 _aAutistic people
650 2 0 _aDisability studies
830 0 _aThought in the act
942 _2ddc
_cB